| 000 | 01497cam a2200349 a 4500 | ||
|---|---|---|---|
| 999 |
_c18477 _d18477 |
||
| 001 | 16011270 | ||
| 005 | 20161220155925.0 | ||
| 008 | 091207s2010 nyua 001 0 eng | ||
| 010 | _a 2009051241 | ||
| 020 | _a9780865652583 | ||
| 020 | _a0865652589 | ||
| 040 |
_aDLC _cDLC _dDLC |
||
| 042 | _apcc | ||
| 043 | _aev----- | ||
| 050 | 0 | 0 |
_aNK1457 _b.M33 2010 |
| 100 | 1 | _aMacIsaac, Heather Smith. | |
| 245 | 1 | 0 |
_aLars Bolander's Scandinavian design / _cHeather Smith MacIsaac. |
| 246 | 3 | 0 | _aScandinavian design |
| 260 |
_aNew York : _bVendome Press, _c2010. |
||
| 300 |
_a191 p. : _bcol. ill. ; _c29 cm. |
||
| 500 | _aIncludes index. | ||
| 505 | 0 | _aExteriors -- Entrances and staircases -- Living rooms -- Dining rooms -- Kitchens -- Bathrooms -- Bedrooms. | |
| 650 | 0 |
_aDesign _zScandinavia. |
|
| 650 | 0 |
_aInterior decoration _zScandinavia. |
|
| 700 | 1 | _aBolander, Lars. | |
| 942 |
_2lcc _cBOOKS _hNK1457 .M33 2010 |
||